000 01097cam a22002651i 4500
003 SA-RiAUC
005 20260405131631.0
008 260402s2007 xx g 000r0 ara c
040 _aSA-JeALM
_bara
_cSA-RiAUC
_erda
050 4 _b.M37 2007
082 0 4 _a252.5
_qSA-RiAUC
090 _a252.5
_bم ش ا
100 1 _aالمشاط، حسن بن محمد،
_d1319-1399 هجري
_eمؤلف.
245 1 0 _aإسعاف أهل الإسلام بوظائف الحج إلى بيت الله الحرام /
_cحسن محمد المشاط.
250 _aالطبعة الرابعة.
264 1 _a[مكان النشر غير محدد] :
_a( مكة المكرمة ) :
_b[الناشر غير محدد]،
_b(حسن المشاط).
_c2007
300 _a319 صفحة ؛
_c24 سم
336 _aنص
_btxt
_2rdacontent
_3كتاب
337 _aبدون وسيط
_bn
_2rdamedia
338 _aمجلد
_bnc
_2rdacarrier
650 7 _aالحج (فقه إسلامي)
_2aucsh
650 7 _aالحج (فقه إسلامي)
_xمناسك
_2aucsh
942 _2ddc
_cBOOK
_n0
949 _aSA-JeALM
_d260402
_uosman123
_n1
999 _c14718
_d14718